000 00594cam a22002053a 4500
001 36655
003 PGUSA
005 20140828083811.0
008 110707s2011||||xxu|||||s|||||000 | eng d
040 _aPGUSA
_beng
042 _adc
100 1 _aMoody, Dwight Lyman,
_d1837-1899
245 1 0 _aPleasure and Profit in Bible Study
_h[electronic resource] /
_cDwight Lyman Moody
260 _bProject Gutenberg,
_c2011
506 _aPublic domain in the USA.
516 _aElectronic text
830 0 _aProject Gutenberg
_v36655
856 4 0 _uhttp://www.gutenberg.org/ebooks/36655
942 _cEB
999 _c265910
_d265910